| 000 | 01247nam a22003497a 4500 | ||
|---|---|---|---|
| 003 | CHAP | ||
| 005 | 20220817042154.0 | ||
| 008 | 971013s1964 r 00010 d | ||
| 010 | _a36675 | ||
| 011 | _a37647 | ||
| 035 | _a41767 | ||
| 040 | _cCHAP | ||
| 090 | _aFolleto 841 | ||
| 110 |
_aMéxico. Dirección General de Conservación Ecológica de los Recursos Naturales _976966 |
||
| 245 | _aPrincipales aspectos de los trabajos realizados en el Estado de Hidalgo | ||
| 260 |
_aMéxico, D.F. : _bLa Dirección, _c1964 |
||
| 300 |
_a40 p. _b: ilus |
||
| 490 | _aBoletín de divulgación | ||
| 590 |
_aBATCH-UPD _b10 _c20130110 _lUCH01 _h1324 |
||
| 590 |
_aBATCH-UPD _b10 _c20130410 _lUCH01 _h0832 |
||
| 590 |
_aBATCH-UPD _b10 _c20130914 _lUCH01 _h0652 |
||
| 590 |
_aCONVERSION _b10 _c20130109 _lUCH01 _h1321 |
||
| 650 | 1 | 4 |
_aAgua _xConservacion _xHidalgo. _92328 |
| 650 | 1 | 4 |
_aSuelos _xConservación _xHidalgo. _9110300 |
| 830 | 0 | _aBoletín de divulgación | |
| 901 | _aBK | ||
| 942 | _cFOLL | ||
| 949 |
_aFolleto 841 _bBC _cFOLL _d-96006 _eTS1 _i41767 _si |
||
| 949 |
_aFolleto 841 _bBC _cFOLL _d-96007 _eTS2 _fc.2 _i41767 _si |
||
| 949 |
_aFolleto 841 _bBC _cFOLL _d-96008 _eTS2 _fc.3 _i41767 _si |
||
| 949 |
_aFolleto 841 _bBC _cFOLL _d-96009 _eTS2 _fc.4 _i41767 _si |
||
| 999 |
_c36675 _d36675 |
||